01547nam a2200385 a 4500001001200000003000800012006001900020007001500039008004100054010001700095020004300112020002700155040002100182035002100203050002300224082001800247100001700265245010500282250001200387260006200399300001100461490005000472504005100522533015200573650001300725650005000738650006400788650005700852650004300909650002000952655002900972710001701001830001701018856012601035ebr10642139CaPaEBRm u cr cn|||||||||120130s2012 pau sb 001 0 eng d z 2012003418 z9780812244366 (hardcover : alk. paper) z9780812206944 (e-book) aCaPaEBRcCaPaEBR a(OCoLC)82472921614aBM514b.S72 2012eb04a296.1/4062231 aStein, Dina.10aTextual mirrorsh[electronic resource] :breflexivity, Midrash, and the rabbinic self /cDina Stein. a1st ed. aPhiladelphia :bUniversity of Pennsylvania Press,cc2012. a202 p.1 aDivinations : rereading late ancient religion aIncludes bibliographical references and index. aElectronic reproduction.bPalo Alto, Calif. :cebrary,d2013.nAvailable via World Wide Web.nAccess may be limited to ebrary affiliated libraries. 0aMidrash. 0aRabbinical literaturexHistory and criticism. 0aSelf-consciousness (Awareness)xReligious aspectsxJudaism. 0aReflection (Philosophy)xReligious aspectsxJudaism. 0aAuthorityxReligious aspectsxJudaism. 0aRabbisxOffice. 7aElectronic books.2local2 aebrary, Inc. 0aDivinations.40uhttp://site.ebrary.com/lib/rucke/Doc?id=10642139zAn electronic book accessible through the World Wide Web; click to view